Not the Obvious Quiz Stats

 Plays Quiz Updated Jun 14, 2018

Score 0/24 Timer 05:00
0 Plays Today
Category Answer % Correct
New York City BoroughsThe Bronx, Staten Island, Queens
93.6%
Military BranchesAir Force, Coast Guard, Marines
90.7%
Pixar MoviesUp, Wall-E, The Incredibles...
90.3%
States in New EnglandConnecticut, Vermont, New Hampshire, Rhode Island
88.7%
Ivy League SchoolsPrinceton, Brown, Cornell...
88.4%
English Alpha Code WordsCharlie, Delta, Echo...
81.8%
Stages of GriefDepression, Bargaining, Anger
73.3%
Weasley ChildrenFred, George, Percy...
73.3%
Noble GasesArgon, Xenon, Krypton...
71.5%
Tom Hanks' Best Actor Movie NodsBig, Cast Away, Saving Private Ryan
70%
Countries in OceaniaPapua New Guinea, Palau, Samoa...
61.1%
Gilligan's Island CastawaysProfessor, Mary Ann, Ginger...
60.8%
Category Answer % Correct
American Idol WinnersJordin Sparks, Ruben Studdard, Lee DeWyze...
60.4%
MLB Teams, American League EastOrioles, Rays, Blue Jays
59.8%
Assassinated US PresidentsMcKinley, Garfield
58.6%
4-Letter NBA TeamsJazz, Suns
56.6%
Yahtzee Categories, Lower Section3 of a Kind, Chance, Large Straight...
53.1%
2010 Best Picture NomineesThe Blind Side, Up in the Air, Precious...
52.1%
Simple MachinesScrew, Wedge, Wheel and Axle, Inclined Plane
43.9%
Emmy, Best Drama (2000-2009)Lost, Mad Men, 24
43.9%
'Thriller' TracksBeat It, P.Y.T. (Pretty Young Thing), The Girl is Mine...
40.1%
Countries Containing a 'Q'Mozambique, Equatorial Guinea
34.3%
Dan Brown NovelsThe Lost Symbol, Digital Fortress, Deception Point, Inferno
30.1%
NFL MVPs (Associated Press), 2000-2009Marshall Faulk, Kurt Warner, Steve McNair...
29.4%

You're not logged in!

Compare scores with friends on all Sporcle quizzes.
OR
Log In

Show Comments

Extras

Top Quizzes Today


Score Distribution

Your Account Isn't Verified!

In order to create a playlist on Sporcle, you need to verify the email address you used during registration. Go to your Sporcle Settings to finish the process.

Report this User

Report this user for behavior that violates our Community Guidelines.

Details: